000 00348nam a2200133Ia 4500
005 20260328101518.0
008 260328s9999||||xx |||||||||||||| ||und||
100 _aSchleifer, Simone
245 0 _aArchitecture Materials :
_b Glass /
_cSimone Schleifer
260 _bEvergreen
300 _a255 p.
650 _aARQUITECTURA RESIDENCIAL
942 _cBK
999 _c9466
_d9466